00363nam a2200133Ia 4500008004100000020001500041041001200056100001400068245006900082260004000151300000800191650001400199700001600213221030s9999 xx 000 0 und d a0070587410 aEnglish aA. Berson 0aData Warehousing, Data Mining, & OLAPcby A. Berson, S. J. Smith bMcGraw - Hill Pub.aNew Delhic2015 a612 aComputers aS. J. Smith